• 首页
  • 本馆介绍
  • 公告通知
  • 最新文献
  • 馆藏检索
  • 电子资源
  • 读者导购
  • 参考咨询
  • 我的图书馆
  • 登录
  • 详细信息显示
  • 放入我的书架
  • 预约/预借图书
  • 作者相关作品
  • 分类相关作品
  • 丛书相关作品
  • 出版社相关作品

书目信息

  • 表格格式
  • 工作单格式
  • 卡片格式
题名:
基础化学实验大全
    
 
作者: 赤堀四郎 , 木村健二郎 主编 ;吴祺 , 王文江 译
分册: Ⅲ   有机化学实验
出版信息: 北京   科学普及出版社  1988.12
页数: 299页
开本: 19厘米
丛书名:
单 册:
中图分类: O6-33
科图分类:
主题词: 化学实验
电子资源:
ISBN: 7-110-00823-1
000 00873nam0 2200253 45
001 0189002183
005 20061122085740.78
010    @a7-110-00823-1@dCNY2.90
020    @aCN@b89002183
100    @a19900816d1988 k y0chiy0120 ea
101 1  @achi@cjpn
102    @aCN@b110000
105    @ay z 000yy
200 10 @a基础化学实验大全@Aji chu hua xue shi yan da quan@hⅢ@i有机化学实验@Iyou ji hua xue shi yan@f(日)赤堀四郎,(日)木村健二郎主编@F( ri ) chi ku si lang ,( ri ) mu cun jian er lang zhu bian@g吴祺,王文江译
210    @a北京@c科学普及出版社@d1988.12
215    @a299页@d19厘米
606 0  @a化学实验
690    @aO6-33@v3
701  0 @a赤堀四郎@Achi ku si lang@4主编
701  0 @a木村健二郎@Amu cun jian er lang@4主编
702  0 @a吴祺@Awu qi@4译
702  0 @a王文江@Awang wen jiang@4译
801  0 @aCN@bNLC@c20061122
905    @dO6-33@e215:3@f1@b225890
    
    基础化学实验大全.Ⅲ.有机化学实验/(日)赤堀四郎,(日)木村健二郎主编/吴祺,王文江译.-北京:科学普及出版社,1988.12
    299页;19厘米
    
    
    ISBN 7-110-00823-1:CNY2.90
    
●
相关链接 在E读中查询图书 在五车中查询图书 在当当中查询图书 在豆瓣中查询图书


正题名:基础化学实验大全     索取号:O6-33/215:3         预约/预借

序号 登录号 条形码 馆藏地/架位号 状态 备注
1 0225890   001938292   第三借阅区/ [索取号:O6-33/215:3] 在馆    
2 0225891   000341357   第三借阅区/ [索取号:O6-33/215:3] 在馆    
3 0225892   000341366   第三借阅区/ [索取号:O6-33/215:3] 在馆    
4 0225893   000341375   第三借阅区/ [索取号:O6-33/215:3] 在馆    
5 0225894   000341384   第二样本阅览室/ [索取号:O6-33/215:3] 在馆    
唐山师范学院图书馆 欢迎您!
大连网信软件有限公司© 版权所有